| 000 | 00000nas 2200000za 4500 |
| 001 | 9.817426 |
| 003 | CaOODSP |
| 005 | 20221107142458 |
| 007 | cr ||||||||||| |
| 008 | 160511d19111958oncar p oss f000#a0eng|d |
| 040 | |aCaOODSP|beng |
| 041 | |aeng|afre |
| 043 | |an-cn--- |
| 086 | 1 |aCS52-204-PDF |
| 245 | 00|aExpress statistics for ... |h[electronic resource]. |
| 246 | 15|aStatistiques des messageries|f1939-1958 |
| 246 | 13|aExpress statistics|f1949-1958 |
| 246 | 15|aStatistiques des services d'express |f1931-1938 |
| 260 | |a[Ottawa : |bQueen's Printer], |c1912-1958. |
| 310 | |aAnnual |
| 362 | 0 |a1910/11-1958. |
| 500 | |aDigitized edition from print [produced by Statistics Canada]. |
| 500 | |aTitle from cover. |
| 520 | |aOperating revenues and expenses, income tax accruals, equipment inventory, employment and route mileage over land, sea and air of railway express operations in Canada. |
| 546 | |aText in English only, 1910/11-1930; text in English and French with separate title pages, 1931-1958; text in English and French, 1953-1958. |
| 550 | |aIssued 1919-1928 by Dominion Bureau of Statistics, Transportation Branch; 1929-1947 by Transportation and Public Utilities Branch; 1948-1949 by Transportation Division; 1950-1951 by Public Finance and Transportation Division; 1952-1953 by Transportation Section; 1954-1958 by Transportation and Public Utilities Section. |
| 692 | 07|2gccst|aRailway networks |
| 692 | 07|2gccst|aRail transport |
| 692 | 07|2gccst|aFinance |
| 710 | 1 |aCanada. |bDominion Bureau of Statistics. |bTransportation Section. |
| 710 | 1 |aCanada. |bDominion Bureau of Statistics. |bPublic Finance and Transportation Division. |
| 710 | 1 |aCanada. |bDominion Bureau of Statistics. |bTransportation and Public Utilities Section. |
| 710 | 1 |aCanada. |bDominion Bureau of Statistics.|bTransportation Branch. |
| 710 | 1 |aCanada.|bDominion Bureau of Statistics.|bTransportation Division. |
| 710 | 1 |aCanada.|bDominion Bureau of Statistics.|bTransportation and Public Utilities Branch. |
| 780 | 00|tExpress statistics of the Dominion of Canada for the year ended June 30, ... |w(CaOODSP)9.844315 |
| 785 | 00|tRailway express |w(CaOODSP)9.817443 |
| 792 | |tExpress statistics for ... |efre|w(CaOODSP)9.817465 |